| 000 | 01045cam a2200289 4500 | ||
|---|---|---|---|
| 001 | 3616713 | ||
| 005 | 20230322162540.0 | ||
| 008 | 740501s1974 njua b 001 0 eng | ||
| 010 | _a 73134250 | ||
| 020 | _a0691080836 | ||
| 040 |
_aDLC _cDLC _dDLC |
||
| 050 | 0 | 0 |
_aTL676 _b.M32 |
| 082 | 0 | 0 |
_a629.1343 _bMCR |
| 100 | 1 |
_aMcRuer, Duane T. _9111161 |
|
| 245 | 1 | 0 |
_aAircraft dynamics and automatic control _c[by] Duane McRuer, Irving Ashkenas [and] Dunstan Graham. |
| 260 |
_aPrinceton, N.J., _bPrinceton University Press, _c1973 [i.e. 1974] |
||
| 300 |
_axxv, 784 p. _billus. _c25 cm. |
||
| 350 | _a$27.50 | ||
| 504 | _aBibliography: p. 769-773. | ||
| 650 | 0 |
_aAirplanes _xControl systems. _955648 |
|
| 650 | 0 | _aFeedback control systems. | |
| 700 | 1 |
_aAshkenas, Irving, _d1916-2011, _ejoint author. _9111162 |
|
| 700 | 1 |
_aGraham, Dunstan, _ejoint author. _9111163 |
|
| 856 | 4 | 2 |
_3Publisher description _uhttp://www.loc.gov/catdir/description/prin051/73134250.html |
| 906 |
_a7 _bcbc _corignew _d2 _encip _f19 _gy-gencatlg |
||
| 942 |
_2ddc _cBK |
||
| 999 |
_c594134 _d594134 |
||